Classical Music Futures (Record no. 81034)

MARC details
000 -LEADER
fixed length control field 02809namaa2200505uu 4500
001 - CONTROL NUMBER
control field doab133844
003 - CONTROL NUMBER IDENTIFIER
control field oapen
005 - DATE AND TIME OF LATEST TRANSACTION
control field 20260218110432.0
006 - FIXED-LENGTH DATA ELEMENTS--ADDITIONAL MATERIAL CHARACTERISTICS
fixed length control field m o d
007 - PHYSICAL DESCRIPTION FIXED FIELD--GENERAL INFORMATION
fixed length control field cr|mn|---annan
008 - FIXED-LENGTH DATA ELEMENTS--GENERAL INFORMATION
fixed length control field 240202s2024 xx |||||o ||| 0|eng d
020 ## - INTERNATIONAL STANDARD BOOK NUMBER
International Standard Book Number 9781805110736
020 ## - INTERNATIONAL STANDARD BOOK NUMBER
International Standard Book Number 9781805110743
020 ## - INTERNATIONAL STANDARD BOOK NUMBER
International Standard Book Number 9781805110767
020 ## - INTERNATIONAL STANDARD BOOK NUMBER
International Standard Book Number 9781805110781
020 ## - INTERNATIONAL STANDARD BOOK NUMBER
International Standard Book Number 9781805110798
020 ## - INTERNATIONAL STANDARD BOOK NUMBER
International Standard Book Number OBP.0353
024 7# - OTHER STANDARD IDENTIFIER
Standard number or code 10.11647/OBP.0353
Source of number or code doi
040 ## - CATALOGING SOURCE
Original cataloging agency oapen
Transcribing agency oapen
Modifying agency
041 0# - LANGUAGE CODE
Language code of text/sound track or separate title eng
042 ## - AUTHENTICATION CODE
Authentication code dc
245 00 - TITLE STATEMENT
Title Classical Music Futures
Remainder of title Practices of Innovation
260 ## - PUBLICATION, DISTRIBUTION, ETC.
Place of publication, distribution, etc. Cambridge
Name of publisher, distributor, etc. Open Book Publishers
Date of publication, distribution, etc. 2024
300 ## - PHYSICAL DESCRIPTION
Extent 1 online resource (432 p.)
336 ## - CONTENT TYPE
Content type term text
Content type code txt
Source rdacontent
337 ## - MEDIA TYPE
Media type term computer
Media type code c
Source rdamedia
338 ## - CARRIER TYPE
Carrier type term online resource
Carrier type code cr
Source rdacarrier
506 0# - RESTRICTIONS ON ACCESS NOTE
Standardized terminology for access restriction Unrestricted online access
Source of term star
520 ## - SUMMARY, ETC.
Summary, etc. This volume brings together contributions from a wide range of international academics and practitioners. It traces innovations within classical music practice, showing how these offer divergent visions for its future. The interdisciplinary contributions to the volume highlight the way contrasting ideas of the future can effect change in the present. A rich balance of theoretical and practical discussion brings authority to this collection, which lays the foundations for timely responses to challenges ranging from the concept of the musical work, and the colonial values within Western musical culture, to unsustainable models of orchestral touring. The authors highlight how labour to meet the demands of particular futures for classical music might impact its creation and consumption, presenting case studies to capture the mediating roles of technology and community engagement. This book will be of interest to scholars and students in the fields of musicology and the sociology of music, as well as a general audience of practitioners, freelance musicians, music administrators and educators.
536 ## - FUNDING INFORMATION NOTE
Text of note Universiteit Maastricht
540 ## - TERMS GOVERNING USE AND REPRODUCTION NOTE
Terms governing use and reproduction Creative Commons
-- https://creativecommons.org/licenses/by-nc/4.0/
-- cc
Uniform Resource Identifier <a href="https://creativecommons.org/licenses/by-nc/4.0/">https://creativecommons.org/licenses/by-nc/4.0/</a>
546 ## - LANGUAGE NOTE
Language note English
650 #7 - SUBJECT ADDED ENTRY--TOPICAL TERM
Topical term or geographic name entry element Art music, orchestral and formal music
Source of heading or term bicssc
650 #7 - SUBJECT ADDED ENTRY--TOPICAL TERM
Topical term or geographic name entry element Educational: Music
Source of heading or term bicssc
650 #7 - SUBJECT ADDED ENTRY--TOPICAL TERM
Topical term or geographic name entry element Theory of music and musicology
Source of heading or term bicssc
720 1# - ADDED ENTRY--UNCONTROLLED NAME
Name Smith, Neil Thomas
Relator code edt
720 1# - ADDED ENTRY--UNCONTROLLED NAME
Name Molina, Karoly
Relator code edt
720 1# - ADDED ENTRY--UNCONTROLLED NAME
Name Molina, Karoly
Relator code oth
720 1# - ADDED ENTRY--UNCONTROLLED NAME
Name Peters, Peter
Relator code edt
720 1# - ADDED ENTRY--UNCONTROLLED NAME
Name Peters, Peter
Relator code oth
720 1# - ADDED ENTRY--UNCONTROLLED NAME
Name Smith, Neil Thomas
Relator code oth
793 0# -
-- DOAB Library.
856 ## - ELECTRONIC LOCATION AND ACCESS
Uniform Resource Identifier <a href="https://docs.google.com/spreadsheets/d/1yKIrdCPDAG_9c22mwoOIO2DOhtj65Wqa/edit?usp=sharing&ouid=106555315294820607512&rtpof=true&sd=true ">https://docs.google.com/spreadsheets/d/1yKIrdCPDAG_9c22mwoOIO2DOhtj65Wqa/edit?usp=sharing&ouid=106555315294820607512&rtpof=true&sd=true </a>
Link text List of Curated E-Books
942 ## - ADDED ENTRY ELEMENTS (KOHA)
Koha item type E-Book
Holdings
Withdrawn status Damaged status Not for loan Home library Current library Date acquired Total Checkouts Date last seen Price effective from Koha item type
      Directory of Open Access Books Directory of Open Access Books 12/09/2024   12/09/2024 12/09/2024 E-Book

University of Rizal System
Email us at univlibservices@urs.edu.ph

Visit our Website www.urs.edu.ph/library